Partizipation statt Passivität: Fritz Lobingers Beitrag zu einer synodalen Kirche
Bischof Fritz Lobinger gilt als Vordenker einer partizipativen Kirche. Mit seinen Ideen zu Kleinen Christlichen Gemeinschaften und dem Bibel-Teilen hat er weltweit Impulse für eine lebendige Glaubenspraxis gesetzt.
| Authors: | ; |
|---|---|
| Format: | Electronic Article |
| Language: | German |
| Check availability: | HBZ Gateway |
| Interlibrary Loan: | Interlibrary Loan for the Fachinformationsdienste (Specialized Information Services in Germany) |
| Published: |
2026
|
| In: |
Herder-Korrespondenz
Year: 2026, Volume: 80, Issue: 2, Pages: 39-40 |
| Standardized Subjects / Keyword chains: | B
Lumko Institute
/ Holy See (motif)
/ Participation
/ Bible
/ Community
|
| IxTheo Classification: | CB Christian life; spirituality HA Bible KDB Roman Catholic Church RB Church office; congregation RG Pastoral care |
| Further subjects: | B
Obituary
|
| Online Access: |
Volltext (lizenzpflichtig) |
MARC
| LEADER | 00000caa a22000002c 4500 | ||
|---|---|---|---|
| 001 | 1962190145 | ||
| 003 | DE-627 | ||
| 005 | 20260318124841.0 | ||
| 007 | cr uuu---uuuuu | ||
| 008 | 260223s2026 xx |||||o 00| ||ger c | ||
| 035 | |a (DE-627)1962190145 | ||
| 035 | |a (DE-599)KXP1962190145 | ||
| 040 | |a DE-627 |b ger |c DE-627 |e rda | ||
| 041 | |a ger | ||
| 084 | |a 1 |2 ssgn | ||
| 100 | 1 | |e VerfasserIn |0 (DE-588)121471403 |0 (DE-627)081329628 |0 (DE-576)170329348 |4 aut |a Fürstenberg, Gregor von |d 1965- | |
| 109 | |a Fürstenberg, Gregor von 1965- | ||
| 245 | 1 | 0 | |a Partizipation statt Passivität |b Fritz Lobingers Beitrag zu einer synodalen Kirche |
| 264 | 1 | |c 2026 | |
| 336 | |a Text |b txt |2 rdacontent | ||
| 337 | |a Computermedien |b c |2 rdamedia | ||
| 338 | |a Online-Ressource |b cr |2 rdacarrier | ||
| 520 | |a Bischof Fritz Lobinger gilt als Vordenker einer partizipativen Kirche. Mit seinen Ideen zu Kleinen Christlichen Gemeinschaften und dem Bibel-Teilen hat er weltweit Impulse für eine lebendige Glaubenspraxis gesetzt. | ||
| 601 | |a Passivität | ||
| 601 | |a Beitrag | ||
| 652 | |a CB:HA:KDB:RB:RG | ||
| 655 | 7 | |a Nachruf |0 (DE-588)4128540-2 |0 (DE-627)105716634 |0 (DE-576)209602953 |2 gnd-content | |
| 689 | 0 | 0 | |d b |0 (DE-588)1378395344 |0 (DE-627)1937862305 |2 gnd |a Lumko Institute |
| 689 | 0 | 1 | |d b |0 (DE-588)2009545-4 |0 (DE-627)101659261 |0 (DE-576)191644501 |2 gnd |a Katholische Kirche |
| 689 | 0 | 2 | |d s |0 (DE-588)4044789-3 |0 (DE-627)106204270 |0 (DE-576)209062339 |2 gnd |a Partizipation |
| 689 | 0 | 3 | |d u |0 (DE-588)4006406-2 |0 (DE-627)106377604 |0 (DE-576)208865497 |a Bibel |2 gnd |
| 689 | 0 | 4 | |d s |0 (DE-588)4020015-2 |0 (DE-627)106319590 |0 (DE-576)208931538 |2 gnd |a Gemeinschaft |
| 689 | 0 | |5 (DE-627) | |
| 700 | 1 | |e VerfasserIn |0 (DE-588)1272532003 |0 (DE-627)1822047722 |4 aut |a Wüstenberg, Michael |d 1954- | |
| 773 | 0 | 8 | |i Enthalten in |t Herder-Korrespondenz |d Freiburg, Br. : Herder, 2000 |g 80(2026), 2, Seite 39-40 |h Online-Ressource |w (DE-627)592067602 |w (DE-600)2478920-3 |w (DE-576)383002370 |x 2628-5622 |7 nnas |
| 773 | 1 | 8 | |g volume:80 |g year:2026 |g number:2 |g pages:39-40 |
| 856 | 4 | 0 | |u https://www.herder.de/hk/hefte/archiv/2026/2-2026/partizipation-statt-passivitaet-fritz-lobingers-beitrag-zu-einer-synodalen-kirche/ |x Verlag |z lizenzpflichtig |3 Volltext |7 1 |
| 951 | |a AR | ||
| BIB | |a 1 | ||
| ELC | |a 1 | ||
| LOK | |0 000 xxxxxcx a22 zn 4500 | ||
| LOK | |0 001 4921352852 | ||
| LOK | |0 003 DE-627 | ||
| LOK | |0 004 1962190145 | ||
| LOK | |0 005 20260318124902 | ||
| LOK | |0 008 260223||||||||||||||||ger||||||| | ||
| LOK | |0 040 |a DE-Tue135 |c DE-627 |d DE-Tue135 | ||
| LOK | |0 092 |o n | ||
| LOK | |0 852 |a DE-Tue135 | ||
| LOK | |0 852 1 |9 00 | ||
| LOK | |0 935 |a ixzs |a ixzo | ||
| LOK | |0 936ln |0 1442049839 |a KDB | ||
| LOK | |0 936ln |0 144205302X |a RB | ||
| LOK | |0 936ln |0 1442053194 |a RG | ||
| LOK | |0 936ln |0 144204408X |a HA | ||
| LOK | |0 936ln |0 1442043768 |a CB | ||
| LOK | |0 939 |a 2026-02-23 |b l01 | ||
| ORI | |a TA-MARC-ixtheoa001.raw | ||
| STA | 0 | 0 | |a Bible,Community,Community,Holy See (motif),Catholic church,Catholic Church,Catholic Church,Former pilgrimage church Saint Ottilia,Participation,Involvement |
| STB | 0 | 0 | |a Communauté,Communauté,Participation,Saint-Siège (motif),Église catholique,Église catholique |
| STC | 0 | 0 | |a Comunidad,Comunidad,Comunión,Comunión,Comunión (Motivo),Comunión,Movimiento juvenil católico,Participación |
| STD | 0 | 0 | |a Chiesa cattolica,Comunità,Comunità,Partecipazione |
| STE | 0 | 0 | |a 参与,参加,天主教会,罗马公教,群体,群体,共同体,社群,共同体,社群 |
| STF | 0 | 0 | |a 參與,參加,天主教會,羅馬公教,群體,群體,共同體,社群,共同體,社群 |
| STG | 0 | 0 | |a Comunidade,Comunidade,Comunhão (Motivo),Comunhão,Igreja católica,Participação |
| STH | 0 | 0 | |a Единство,Единство,Католическая церковь (мотив),Участие |
| STI | 0 | 0 | |a Καθολική Εκκλησία (μοτίβο),Κοινότητα (μοτίβο),Κοινότητα,Συμμετοχή |
| SUB | |a BIB | ||
| SYG | 0 | 0 | |a Lumko Missiological Institute,Lumko-Pastoralinstitut,Lumko-Institut , Katolikus Egyház,RCC,Katoličeskaj Cerkovʹ,Katoličke Cerkve,Katolska Cyrkej,Katolske Kirke,Ecclesia Catholica,Igreja Católica,Römisch-Katholische Kirche,Katholikē Ekklēsia,Catholic Church,Roman Catholic Church,Eglise Catholique,Eglise Catholique Romaine,Chiesa Cattolica,Katholieke Kerk,Iglesia Católica,Katolické Církve,Kościoł Katolicki,Katoličke Crkve,Eglise catholique romaine,Chiesa cattolica romana,Roman catholic Church,Eglise catholique,Römische Kirche , Eglise catholique,Roman Catholic Church,Catholic Church , Ehemalige Wallfahrtskirche Sankt Ottilia , Bible for Today's Family,Contemporary English version bible,CEV,New International Reader's,NIrV,NIV,N.I.V.,New International Version Bible,English Standard Version,ESV,ESV Bible,Holy Bible, English Standard Version,Schlachter-Bibel,Schlachterbibel,Zürcher Bibel,Bibel,Handschrift,Arras,Bibliothèque Municipale,Ms. 559,Saint-Vaast Bible,Vatopediu,Athos, Bibliothek,Cod. 1582,Bibbia di Ripoll,Ripoll Bibel,La bible nouvellement translatée avec annotations,Bibel,Althochdeutsch,Glosse,Basel,Universitätsbibliothek,Cod. N I 3 Nr. 97a,Bibelglossatur M,Basel,Universitätsbibliothek,Cod. N I 3 Nr. 97a,Bibel,Handschrift,Breslau,Universitätsbibliothek,Ms. M 1106,Bibel,Bibel,Bibel,Bibel,Bibel,Bibel,Bibel in gerechter Sprache,Itala,Bibel,Bibel,Bibel,Bibel,King James Version,Authorized Version,Authorised Version,KJV,KJB,King James Bible,King-James-Bibel,Zwingli-Bibel,Zwinglibibel,Zürcher Bibelübersetzung,Bibel,Neues Testament,Lutherbibel,Luther-Bibel,Biblia, das ist, die gantze heilige Schrifft Deudsch,Biblia,Heilige Schrift,Bible,Die Bibel,Die Heilige Schrift,La Sainte Bible,La Soncha Scrittüra,Biblia Sacra,La Bible,The Holy Bible,Sveto pismo Staroga i Novoga zaveta,Biblia święta,Biblí svatá,Biblija,La Sacra Bibbia,La Santa Biblia,Die Heiligen Schriften des Alten und Neuen Bundes,Die Heiligen Schriften,Die gantze Heilige Schrifft Deudsch,Die ganze Heilige Schrifft,Kitāb-i muqaddas,al- Kitab al-muqaddas,Seisho,Müqäddäs kitab,Beibel,Bībele,Einheitsübersetzung,Einheitsübersetzung der Heiligen Schrift , Community,Soziale Gemeinschaft,Gemeinschaften |
| TIM | |a 100019510101_100020261231 |b 1951 - 2026 | ||